000 00599nam a2200205Ia 4500
005 20240408150745.0
008 131103s9999 xx 000 0 und d
020 _a706914198
_cRs.25
040 _aLoreto College
041 _aEnglish
082 _a370
_bAGG
100 _aAggarwal, J.C.
245 _aTheory and Principles of Education
_b philosophical and sociological bases of education
_cJ.C.Aggarwal
250 _a philosophical and sociological bases of education
260 _aNew Delhi
_bVikas
_c1981
300 _a361p.
650 _aEducation
850 _aLCBED
942 _cBK
999 _c27266
_d77745